[Event "EU-chT Seniors 05th"]
[Site "Dresden"]
[Date "2003.02.28"]
[Round "6.1"]
[White "Littlewood, John Eric"]
[Black "Baumgartner, Heinz"]
[Result "1/2-1/2"]
[WhiteElo "2286"]
[BlackElo "2381"]
[EventDate "2003.02.23"]
[PlyCount "45"]

1.e4 d5 2.exd5 Qxd5 3.Nc3 Qa5 4.Bc4 c6 5.Nge2 Bf5 6.O-O e6 7.d3 Bd6 8.Ng3 
Bxg3 9.hxg3 Nf6 10.Bf4 O-O 11.Qd2 Qd8 12.f3 Nbd7 13.g4 Bg6 14.Rae1 Nd5 15.
Bg3 N7f6 16.Be5 Re8 17.Bb3 Nd7 18.Bg3 Qa5 19.Ne4 Qxd2 20.Nxd2 Nc5 21.Nc4 
Nxb3 22.axb3 Nb4 23.Rc1 1/2-1/2

[Event "EU-chT Seniors 05th"]
[Site "Dresden"]
[Date "2003.02.28"]
[Round "6.1"]
[White "Neubert, Gerhard"]
[Black "Pojedziniec, Wladyslaw"]
[Result "0-1"]
[WhiteElo "1946"]
[BlackElo "2225"]
[EventDate "2003.02.23"]
[PlyCount "112"]

1.f4 c5 2.e3 b6 3.b3 Bb7 4.Nf3 Nf6 5.Bb2 e6 6.Be2 Be7 7.O-O O-O 8.Qe1 Nc6 
9.Nc3 d5 10.a3 a6 11.Nd1 b5 12.d3 Qb6 13.Nf2 Rad8 14.Rb1 Qc7 15.Ne5 d4 16.
exd4 Nxd4 17.Bd1 Bd6 18.c3 Nc6 19.d4 cxd4 20.cxd4 Qb6 21.Bf3 Bb8 22.Nxc6 
Bxc6 23.Bxc6 Qxc6 24.Nd3 Ba7 25.Ne5 Qd5 26.Kh1 Rd6 27.Rf3 Rfd8 28.Rd3 Qe4 
29.Qd2 Bxd4 30.Qe1 Bxe5 31.Rxd6 Rxd6 32.Qc1 Rc6 33.Qd1 Qd5 34.fxe5 Qxd1+ 
35.Rxd1 Nd5 36.Rd2 Kf8 37.Kg1 Ke7 38.Kf2 f6 39.Kf3 f5 40.g4 fxg4+ 41.Kxg4 
Rc8 42.Kf3 Rf8+ 43.Ke2 g5 44.Bd4 Rf5 45.Rc2 Kd7 46.Rc1 Rf4 47.Bb2 Rh4 48.
Rh1 Rh3 49.b4 g4 50.Kf2 g3+ 51.Kf3 Rxh2 52.Rxh2 gxh2 53.Kg2 Nb6 54.Kxh2 
Nc4 55.Bd4 Kc6 56.Kg3 Kd5 0-1

[Event "EU-chT Seniors 05th"]
[Site "Dresden"]
[Date "2003.02.28"]
[Round "6.1"]
[White "Neukirch, Detlef"]
[Black "Cording, Harm"]
[Result "1-0"]
[WhiteElo "2287"]
[BlackElo "2265"]
[EventDate "2003.02.23"]
[PlyCount "83"]

1.e4 d5 2.exd5 Qxd5 3.Nc3 Qa5 4.d4 Nf6 5.Nf3 Bf5 6.Bc4 e6 7.Bd2 c6 8.Nd5 
Qd8 9.Nxf6+ Qxf6 10.Qe2 Bg4 11.O-O-O Bd6 12.d5 cxd5 13.Bxd5 Nc6 14.Bc3 Qe7
15.Bxc6+ bxc6 16.Bxg7 Rg8 17.Bc3 Rg5 18.h3 Bxf3 19.Qxf3 Rd5 20.Bf6 Qc7 21.
g4 Rb8 22.Kb1 Be5 23.b3 Bxf6 24.Qxf6 Qe5 25.Qxe5 Rxe5 26.Rhe1 Rd5 27.c4 
Rxd1+ 28.Rxd1 Ke7 29.Kc2 f6 30.Kc3 a5 31.a3 c5 32.Rb1 h5 33.b4 hxg4 34.
hxg4 axb4+ 35.axb4 Rg8 36.bxc5 Rxg4 37.Rb7+ Kd8 38.c6 Rf4 39.Kb4 Rxf2 40.
Kc5 Rd2 41.Rf7 f5 42.c7+ 1-0

[Event "EU-chT Seniors 05th"]
[Site "Dresden"]
[Date "2003.02.28"]
[Round "6.1"]
[White "Rosen, Willy"]
[Black "Eskandary, Jahja"]
[Result "1-0"]
[WhiteElo "2326"]
[BlackElo "2172"]
[EventDate "2003.02.23"]
[PlyCount "53"]

1.e4 e5 2.Nf3 Nc6 3.Nc3 Bc5 4.Nxe5 Nxe5 5.d4 Bd6 6.dxe5 Bxe5 7.f4 Bxc3+ 8.
bxc3 Qf6 9.Bd3 Qxc3+ 10.Bd2 Qd4 11.Rb1 c5 12.Qe2 Ne7 13.c3 Qd6 14.e5 Qc7 
15.O-O b6 16.f5 Nd5 17.f6 g6 18.Be4 Qxe5 19.Qf3 Bb7 20.Kh1 O-O 21.Rbe1 Bc6
22.Bxg6 Nxf6 23.Rxe5 Bxf3 24.Bd3 Bh5 25.Rxf6 Bg6 26.Rd6 f6 27.Re7 1-0

[Event "EU-chT Seniors 05th"]
[Site "Dresden"]
[Date "2003.02.28"]
[Round "6.1"]
[White "Turikov, Viktor"]
[Black "Biebinger, Gerhard"]
[Result "1/2-1/2"]
[WhiteElo "2370"]
[BlackElo "2376"]
[EventDate "2003.02.23"]
[PlyCount "93"]

1.b3 d5 2.Bb2 Nf6 3.e3 Bf5 4.Nf3 e6 5.Be2 h6 6.O-O Be7 7.d3 O-O 8.Nbd2 c5 
9.Ne5 Nfd7 10.f4 Nxe5 11.Bxe5 Nc6 12.Bb2 Bf6 13.Qc1 Rc8 14.a4 Re8 15.Bf3 
Bh7 16.e4 Bd4+ 17.Kh1 Be3 18.exd5 exd5 19.Qd1 Nd4 20.Bg4 Bf5 21.Bxf5 Nxf5 
22.Qg4 g6 23.Nf3 d4 24.g3 Qd5 25.Qh3 h5 26.Qg2 Kg7 27.Rad1 b6 28.Nh4 Qd7 
29.Nxf5+ Qxf5 30.Qf3 Qh3 31.Qg2 Qxg2+ 32.Kxg2 f5 33.Kf3 Kf7 34.Rfe1 Rc6 
35.Re2 Rce6 36.h4 Ke7 37.Rb1 Kd6 38.Rf1 Kd5 39.Rd1 b5 40.Ra1 R8e7 41.Rd1 
Re8 42.Ra1 Rc8 43.Rd1 Rce8 44.Ra1 R8e7 45.Rb1 Re8 46.Ra1 R8e7 47.Rb1 
1/2-1/2

[Event "EU-chT Seniors 05th"]
[Site "Dresden"]
[Date "2003.02.28"]
[Round "6.1"]
[White "Vasiukov, Evgeni"]
[Black "Johannessen, Svein"]
[Result "1-0"]
[WhiteElo "2542"]
[BlackElo "2337"]
[EventDate "2003.02.23"]
[PlyCount "73"]

1.e4 e6 2.d4 d5 3.Nd2 Nc6 4.Ngf3 g6 5.c3 Bg7 6.Bb5 Ne7 7.O-O O-O 8.Re1 Nb8
9.e5 b6 10.Nf1 Ba6 11.Ba4 Bxf1 12.Kxf1 c5 13.g3 Qc7 14.Kg2 Nbc6 15.Bf4 Qb7
16.h4 h5 17.Bc2 cxd4 18.cxd4 Rfc8 19.Qd2 Na5 20.b3 Rc7 21.Bd3 Nac6 22.Rac1
Rac8 23.b4 Nb8 24.Rxc7 Qxc7 25.Bg5 Bf8 26.b5 Qc3 27.Qe2 Qa3 28.Rb1 Qc3 29.
Rc1 Qxc1 30.Bxc1 Rxc1 31.Bc2 Ra1 32.a4 Ra3 33.Qd2 a6 34.Qf4 axb5 35.Ng5 
Nf5 36.Bxf5 gxf5 37.Qc1 1-0

[Event "EU-chT Seniors 05th"]
[Site "Dresden"]
[Date "2003.02.28"]
[Round "6.1"]
[White "Wiemer, Juergen"]
[Black "Stavenhagen, Johannes"]
[Result "1-0"]
[WhiteElo "2043"]
[BlackElo "1861"]
[EventDate "2003.02.23"]
[PlyCount "105"]

1.Nf3 d5 2.d4 Nf6 3.Bg5 e6 4.Nbd2 Be7 5.e3 h6 6.Bh4 O-O 7.Bd3 Nbd7 8.Rc1 
c5 9.c3 Re8 10.Bb1 b6 11.O-O Bb7 12.Ne5 Nxe5 13.dxe5 Ne4 14.Bg3 Nxd2 15.
Qxd2 g6 16.Rfd1 Bg5 17.Bc2 Kg7 18.Ba4 Rh8 19.f3 h5 20.Bf2 h4 21.Qe2 h3 22.
g3 Rc8 23.c4 Qc7 24.f4 Be7 25.cxd5 Bxd5 26.e4 Bc6 27.Bc2 Bb7 28.g4 Qc6 29.
Qf3 f5 30.exf6+ Bxf6 31.Rd3 Ba6 32.Rd2 Bxb2 33.Rcd1 Bd4 34.f5 Rcf8 35.Qg3 
e5 36.g5 Re8 37.f6+ Kf8 38.Qg4 Bc8 39.Qg3 Ba6 40.Qf3 Qc8 41.Qg3 Rh5 42.Rb1
Qe6 43.Bd1 Bb7 44.Bxh5 gxh5 45.Bxd4 exd4 46.Re1 Bxe4 47.Rde2 Qf5 48.g6 d3 
49.Rxe4 Rxe4 50.Rxe4 Qxe4 51.Qb8+ Qe8 52.g7+ Kf7 53.Qxe8+ 1-0

[Event "EU-chT Seniors 05th"]
[Site "Dresden"]
[Date "2003.02.28"]
[Round "6.2"]
[White "Farrand, Julian"]
[Black "Starck, Bodo"]
[Result "1-0"]
[WhiteElo "2002"]
[BlackElo "2252"]
[EventDate "2003.02.23"]
[PlyCount "78"]

1.d4 d5 2.Nc3 Nf6 3.Bg5 Bf5 4.f3 Nbd7 5.g4 Bg6 6.h4 h6 7.Bf4 c6 8.e3 Qb6 
9.Qd2 e6 10.Bd3 Bxd3 11.cxd3 Be7 12.Nge2 Qa6 13.e4 Nb6 14.Kf2 Nfd7 15.a4 
Nc8 16.g5 h5 17.g6 f6 18.exd5 exd5 19.Ng3 Nf8 20.Nf5 Nxg6 21.Nxg7+ Kf7 22.
Nf5 Qb6 23.Rae1 Qd8 24.Rhg1 Qd7 25.Nh6+ Rxh6 26.Bxh6 Bd6 27.Rxg6 Kxg6 28.
Rg1+ Kh7 29.Rg7+ Qxg7 30.Bxg7 Kxg7 31.Qe3 Ne7 32.Qe6 Rd8 33.Ne2 Ng6 34.Ng3
Bxg3+ 35.Kxg3 Rf8 36.Qf5 Re8 37.Kf2 Nxh4 38.Qd7+ Kf8 39.Qh7 Re7 1-0

[Event "EU-chT Seniors 05th"]
[Site "Dresden"]
[Date "2003.02.28"]
[Round "6.2"]
[White "Forselv, Edmund"]
[Black "Just, Joachim"]
[Result "0-1"]
[WhiteElo "1853"]
[BlackElo "2136"]
[EventDate "2003.02.23"]
[PlyCount "72"]

1.e4 e6 2.d4 d5 3.e5 Qd7 4.Nf3 b6 5.Bd3 Ba6 6.O-O Bxd3 7.Qxd3 Ne7 8.Nc3 
Nf5 9.Ne2 Be7 10.c3 h5 11.Ng3 g6 12.Bd2 c5 13.c4 Nxg3 14.hxg3 Nc6 15.dxc5 
bxc5 16.cxd5 Qxd5 17.Qc3 Nd4 18.Rfe1 O-O 19.Ng5 Rfd8 20.g4 Nb5 21.Qf3 Qxf3
22.Nxf3 hxg4 23.Bg5 Bxg5 24.Nxg5 Rd2 25.Ne4 Rxb2 26.Nxc5 Rc8 27.Ne4 Kg7 
28.Kh2 Rcc2 29.Kg3 Nc3 30.Nf6 Rxf2 31.Rh1 Rxg2+ 32.Kf4 Rbf2+ 33.Ke3 Nd5+ 
34.Nxd5 exd5 35.Rad1 Re2+ 36.Kf4 Re4+ 0-1

[Event "EU-chT Seniors 05th"]
[Site "Dresden"]
[Date "2003.02.28"]
[Round "6.2"]
[White "Grubiak, Roman"]
[Black "Walke, Guenter"]
[Result "1/2-1/2"]
[WhiteElo "2103"]
[BlackElo "1748"]
[EventDate "2003.02.23"]
[PlyCount "122"]

1.d4 d5 2.Nc3 f5 3.Bg5 c6 4.e3 Nf6 5.Bxf6 exf6 6.Bd3 Bd6 7.g3 Be6 8.Nce2 
Qe7 9.c3 Nd7 10.Nf4 Bxf4 11.gxf4 Nb6 12.b3 Nc8 13.Ne2 Nd6 14.Ng3 Ne4 15.
Qc2 Bf7 16.Nxf5 Qd7 17.Ng3 f5 18.O-O-O O-O-O 19.Rde1 g6 20.f3 Nf6 21.h4 
Qc7 22.Qd2 Kb8 23.h5 Qa5 24.Kb2 Rhg8 25.hxg6 hxg6 26.Rh2 Rc8 27.b4 Qb6 28.
Kc2 a5 29.a3 axb4 30.axb4 Kc7 31.Ra1 Ra8 32.Rhh1 Ra7 33.Qc1 Rga8 34.Qb2 
Ra4 35.Rxa4 Rxa4 36.Ra1 Qa7 37.Kb1 Rxa1+ 38.Qxa1 Qxa1+ 39.Kxa1 Be6 40.Kb2 
Kd6 41.Kc1 b6 42.Kd2 c5 43.bxc5+ bxc5 44.dxc5+ Kxc5 45.e4 d4 46.cxd4+ Kxd4
47.exf5 gxf5 48.Bxf5 Bd5 49.Ne2+ Kc5 50.Ke3 Bc6 51.Be4 Bd7 52.f5 Nh5 53.f4
Kd6 54.Nd4 Ke7 55.Bf3 Ng7 56.Bg4 Kf6 57.Ke4 Bc8 58.Bh3 Bb7+ 59.Ke3 Bc8 60.
Ke4 Bb7+ 61.Kd3 Bc8 1/2-1/2

[Event "EU-chT Seniors 05th"]
[Site "Dresden"]
[Date "2003.02.28"]
[Round "6.2"]
[White "Hoen, Ragnar Harald"]
[Black "Chernikov, Oleg L"]
[Result "1/2-1/2"]
[WhiteElo "2269"]
[BlackElo "2459"]
[EventDate "2003.02.23"]
[PlyCount "70"]

1.e4 c5 2.Nf3 Nc6 3.d4 cxd4 4.Nxd4 g6 5.Nc3 Bg7 6.Be3 Nf6 7.Be2 O-O 8.O-O 
d5 9.exd5 Nxd5 10.Nxd5 Nxd4 11.Bxd4 Qxd5 12.Bxg7 Qxd1 13.Rfxd1 Kxg7 14.Bf3
Bf5 15.c3 Rac8 16.Rd2 Rc7 17.Rad1 b5 18.Be2 Rb8 19.f3 Be6 20.a3 a5 21.Rd4 
Bc4 22.Kf2 e5 23.Re4 f6 24.f4 Bxe2 25.Kxe2 exf4 26.Rxf4 Re8+ 27.Kf2 Rce7 
28.Rd2 f5 29.Rfd4 Kf6 30.a4 Rb8 31.h4 bxa4 32.Rxa4 Reb7 33.Rxa5 Rxb2 34.
Rxb2 Rxb2+ 35.Kf3 Rc2 1/2-1/2

[Event "EU-chT Seniors 05th"]
[Site "Dresden"]
[Date "2003.02.28"]
[Round "6.2"]
[White "Jaeger, Erich"]
[Black "Norman, Dinah M"]
[Result "1/2-1/2"]
[WhiteElo "2219"]
[BlackElo "2021"]
[EventDate "2003.02.23"]
[PlyCount "29"]

1.c4 c6 2.d4 d5 3.Nc3 Nf6 4.Bg5 e6 5.e3 Be7 6.cxd5 exd5 7.Bd3 Nbd7 8.Nge2 
Nf8 9.Qc2 Bd7 10.O-O-O Qa5 11.Kb1 b5 12.Nc1 Qb6 13.f3 a5 14.Bh4 Ng6 15.Bf2
1/2-1/2

[Event "EU-chT Seniors 05th"]
[Site "Dresden"]
[Date "2003.02.28"]
[Round "6.2"]
[White "Kahn, Manfred"]
[Black "Lindner, Jan Joost"]
[Result "1/2-1/2"]
[WhiteElo "2187"]
[BlackElo "2093"]
[EventDate "2003.02.23"]
[PlyCount "30"]

1.c4 e5 2.Nc3 Bb4 3.Qc2 Nf6 4.Nf3 Nc6 5.e3 O-O 6.Nd5 Be7 7.a3 Re8 8.Bd3 h6
9.O-O d6 10.Nxf6+ Bxf6 11.Be4 Ne7 12.d4 exd4 13.exd4 d5 14.cxd5 Nxd5 15.
Bxd5 Qxd5 1/2-1/2

[Event "EU-chT Seniors 05th"]
[Site "Dresden"]
[Date "2003.02.28"]
[Round "6.2"]
[White "Koksch, Guenther"]
[Black "Bachmann, Karlheinz"]
[Result "0-1"]
[WhiteElo "2191"]
[BlackElo "2281"]
[EventDate "2003.02.23"]
[PlyCount "78"]

1.d4 Nf6 2.Nc3 d5 3.Bg5 Nbd7 4.f3 h6 5.Bxf6 Nxf6 6.Qd3 e6 7.e4 Be7 8.e5 
Nd7 9.f4 Nb6 10.O-O-O Bd7 11.g4 c6 12.Qg3 Qc7 13.f5 O-O-O 14.Bd3 c5 15.
dxc5 Bxc5 16.Nge2 Rhe8 17.fxe6 fxe6 18.Rhe1 g5 19.Nb5 Bxb5 20.Bxb5 Rf8 21.
Nd4 Bxd4 22.Rxd4 Qc5 23.Qc3 Qxc3 24.bxc3 Rf3 25.Bd3 Rdf8 26.c4 R8f4 27.
Rxf4 Rxf4 28.cxd5 Nxd5 29.h3 Nb4 30.Kd2 Nxd3 31.cxd3 Kd7 32.Ke3 h5 33.Rg1 
hxg4 34.hxg4 Ra4 35.Rg2 Kc6 36.d4 Kd5 37.Rd2 Ra3+ 38.Kf2 b6 39.Kg2 Ra4 0-1

[Event "EU-chT Seniors 05th"]
[Site "Dresden"]
[Date "2003.02.28"]
[Round "6.2"]
[White "Langenfeld, Heinz"]
[Black "Mueckan, Friedbert"]
[Result "1-0"]
[WhiteElo "1942"]
[BlackElo "1938"]
[EventDate "2003.02.23"]
[PlyCount "41"]

1.d4 e6 2.c4 d5 3.e3 Nf6 4.Nc3 Be7 5.Bd3 a6 6.Nf3 dxc4 7.Bxc4 b5 8.Bd3 Bb7
9.O-O Nbd7 10.Qe2 O-O 11.e4 c5 12.Bg5 cxd4 13.Nxd4 Nc5 14.Rad1 Qxd4 15.e5 
Nxd3 16.Rxd3 Qc5 17.b4 Qc6 18.Rg3 Bxb4 19.Bxf6 g6 20.Qh5 Qxc3 21.Qh6 1-0

[Event "EU-chT Seniors 05th"]
[Site "Dresden"]
[Date "2003.02.28"]
[Round "6.2"]
[White "Malich, Burkhard"]
[Black "Lieb, Harald"]
[Result "1/2-1/2"]
[WhiteElo "2368"]
[BlackElo "2336"]
[EventDate "2003.02.23"]
[PlyCount "38"]

1.d4 Nf6 2.Nf3 d5 3.c4 c6 4.e3 e6 5.Be2 Nbd7 6.O-O Bd6 7.Nbd2 O-O 8.b3 Ne4
9.Bb2 f5 10.Ne5 Ndf6 11.Ndf3 g5 12.Nd3 Ng4 13.Nfe5 Nxe5 14.dxe5 Be7 15.
cxd5 cxd5 16.Rc1 g4 17.Qc2 Bd7 18.Qc7 Bc6 19.Qxd8 Raxd8 1/2-1/2

[Event "EU-chT Seniors 05th"]
[Site "Dresden"]
[Date "2003.02.28"]
[Round "6.2"]
[White "Mueller, Siegmar"]
[Black "Potthammel, Joerg"]
[Result "1/2-1/2"]
[WhiteElo "1821"]
[BlackElo "2107"]
[EventDate "2003.02.23"]
[PlyCount "134"]

1.Nc3 c6 2.Nf3 d5 3.d4 Bf5 4.Bf4 Nf6 5.e3 e6 6.Bd3 Bg6 7.Qe2 Qb6 8.O-O-O 
Bb4 9.Nb1 Ne4 10.Ne5 Qa5 11.Bxe4 Bxe4 12.f3 Bg6 13.a3 Be7 14.h4 f6 15.Nxg6
hxg6 16.Qd3 Kf7 17.g4 Qa6 18.h5 Qxd3 19.Rxd3 Nd7 20.hxg6+ Kxg6 21.Rdd1 e5 
22.dxe5 Nxe5 23.Bxe5 fxe5 24.Kd2 Kg5 25.Ke2 b5 26.Nd2 a5 27.c3 b4 28.a4 
Rab8 29.c4 Kf6 30.Nb3 dxc4 31.Nxa5 Rxh1 32.Rxh1 c3 33.Nxc6 Ra8 34.Nxe7 
Kxe7 35.bxc3 Rxa4 36.cxb4 Rxb4 37.Ra1 Rb3 38.Ra6 Rc3 39.f4 exf4 40.exf4 
Kf7 41.Rd6 Rg3 42.g5 g6 43.Rd3 Rg1 44.Kf3 Re1 45.Re3 Ra1 46.Rd3 Re1 47.Rc3
Re7 48.Rc6 Re1 49.Rf6+ Kg7 50.Rd6 Kf7 51.Rd5 Re7 52.Kg4 Re4 53.Rd7+ Kf8 
54.Kf3 Re1 55.Ra7 Kg8 56.Rb7 Kf8 57.Rb3 Kf7 58.Re3 Ra1 59.Rd3 Re1 60.Rd7+ 
Kf8 61.Ra7 Kg8 62.Kf2 Re4 63.Kf3 Re1 64.Ra6 Kf7 65.Rf6+ Kg7 66.Kf2 Re4 67.
Kf3 Re1 1/2-1/2

[Event "EU-chT Seniors 05th"]
[Site "Dresden"]
[Date "2003.02.28"]
[Round "6.2"]
[White "Opl, Klaus"]
[Black "Karl, Hans"]
[Result "1/2-1/2"]
[WhiteElo "2283"]
[BlackElo "2286"]
[EventDate "2003.02.23"]
[PlyCount "37"]

1.d4 Nf6 2.c4 c5 3.e3 e6 4.Nf3 d5 5.Nc3 a6 6.cxd5 exd5 7.Be2 Nc6 8.O-O 
cxd4 9.Nxd4 Bd6 10.a3 O-O 11.Nf3 Be6 12.Qd3 Qe7 13.b4 Rfd8 14.Bb2 Ne5 15.
Nxe5 Bxe5 16.Na4 Bd7 17.Bxe5 Qxe5 18.Nc3 Bg4 19.Rfd1 1/2-1/2

[Event "EU-chT Seniors 05th"]
[Site "Dresden"]
[Date "2003.02.28"]
[Round "6.2"]
[White "Starke, Burkhard"]
[Black "Schwertel, Hans"]
[Result "1-0"]
[WhiteElo "2080"]
[BlackElo "2050"]
[EventDate "2003.02.23"]
[PlyCount "103"]

1.d4 d5 2.c4 c6 3.cxd5 cxd5 4.Nf3 Nc6 5.Nc3 Nf6 6.Bf4 e6 7.e3 Bb4 8.Bb5 
O-O 9.O-O Bd7 10.Bd3 Ne7 11.Qb3 Bxc3 12.bxc3 b6 13.Rfc1 Nc6 14.h3 Na5 15.
Qb4 Nc6 16.Qb1 h6 17.c4 dxc4 18.Bxc4 Na5 19.Ba6 Nd5 20.Bg3 Bc8 21.Bd3 Bb7 
22.Ne5 Rc8 23.Qb2 Qe7 24.a3 Rfd8 25.Rxc8 Rxc8 26.Rc1 Qe8 27.Kh2 Rxc1 28.
Qxc1 Qc8 29.Qb1 Nf6 30.Qb2 Nd7 31.Nxd7 Qxd7 32.f3 Qc8 33.Qb5 Bc6 34.Qb4 
Qd7 35.Bf4 Nb7 36.Bb1 Bb5 37.Qb3 h5 38.Qc2 g6 39.Qe4 Bc6 40.Qe5 Kh7 41.
Qxh5+ Kg7 42.Qh6+ Kg8 43.Be5 f6 44.Qxg6+ Qg7 45.Qxf6 Qxf6 46.Bxf6 Kf7 47.
Be5 b5 48.Bc7 a5 49.h4 b4 50.axb4 axb4 51.h5 b3 52.h6 1-0

[Event "EU-chT Seniors 05th"]
[Site "Dresden"]
[Date "2003.02.28"]
[Round "6.2"]
[White "Villing, Dieter"]
[Black "Golcman, Evgeny"]
[Result "0-1"]
[WhiteElo "2171"]
[BlackElo "2350"]
[EventDate "2003.02.23"]
[PlyCount "81"]

1.e4 c5 2.f4 Qc7 3.d3 g6 4.Nf3 Bg7 5.Nc3 d6 6.Be2 Nc6 7.O-O Nf6 8.Qe1 a6 
9.Bd2 O-O 10.Qh4 Nd4 11.Ng5 h6 12.Nh3 Bxh3 13.gxh3 c4 14.Rf2 Nxc2 15.Rc1 
Nd4 16.Kh1 Nxe2 17.Rxe2 cxd3 18.Rg2 e6 19.f5 exf5 20.Bxh6 Qd7 21.Rf1 Bxh6 
22.Qxh6 Nxe4 23.Rf4 Qe7 24.Rh4 Qxh4 25.Qxh4 Rfe8 26.Rg1 Rac8 27.Qf4 Re5 
28.h4 Rc4 29.h5 Kg7 30.hxg6 fxg6 31.h4 Kf7 32.Qh6 Nf2+ 33.Kg2 Ng4 34.Qh7+ 
Kf6 35.Qxb7 Rf4 36.Nd5+ Rxd5 37.Re1 Re5 38.Rxe5 Nxe5 39.Qxa6 Rd4 40.Qa5 
Re4 41.Kf2 0-1

[Event "EU-chT Seniors 05th"]
[Site "Dresden"]
[Date "2003.02.28"]
[Round "6.2"]
[White "Watzka, Horst"]
[Black "Richardson, Keith B"]
[Result "1/2-1/2"]
[WhiteElo "2337"]
[BlackElo "2141"]
[EventDate "2003.02.23"]
[PlyCount "36"]

1.e4 g6 2.d4 Bg7 3.Nc3 d6 4.Be3 a6 5.a4 Nf6 6.h3 O-O 7.Nf3 Nc6 8.Bc4 e6 9.
Bb3 b6 10.O-O Bb7 11.d5 exd5 12.exd5 Ne7 13.Bc4 b5 14.axb5 axb5 15.Rxa8 
Bxa8 16.Bxb5 Nexd5 17.Nxd5 Bxd5 18.Be2 Qa8 1/2-1/2

[Event "EU-chT Seniors 05th"]
[Site "Dresden"]
[Date "2003.02.28"]
[Round "6.3"]
[White "Dorawa, Bernhard"]
[Black "Strand, Karl W"]
[Result "1/2-1/2"]
[WhiteElo "2152"]
[BlackElo "1819"]
[EventDate "2003.02.23"]
[PlyCount "36"]

1.e4 Nf6 2.e5 Nd5 3.d4 d6 4.Nf3 Bg4 5.Be2 e6 6.O-O Be7 7.c4 Nb6 8.exd6 
cxd6 9.b3 O-O 10.Bb2 Bf6 11.Nc3 g6 12.Ne4 Bg7 13.h3 Bxf3 14.Bxf3 Nc6 15.
Qd2 d5 16.Nc5 Rb8 17.Rac1 Qh4 18.Rfd1 Rfd8 1/2-1/2

[Event "EU-chT Seniors 05th"]
[Site "Dresden"]
[Date "2003.02.28"]
[Round "6.3"]
[White "Gafke, Manfred"]
[Black "Krawiec, Witold"]
[Result "1/2-1/2"]
[WhiteElo "1695"]
[BlackElo "1903"]
[EventDate "2003.02.23"]
[PlyCount "31"]

1.d4 d5 2.Nf3 Nf6 3.Bf4 c6 4.c3 Bf5 5.Nbd2 e6 6.Ne5 Nbd7 7.Ndf3 Nxe5 8.
Nxe5 Nd7 9.e3 Nxe5 10.Bxe5 f6 11.Bg3 Bd6 12.Bxd6 Qxd6 13.Bd3 Bxd3 14.Qxd3 
O-O 15.O-O e5 16.dxe5 1/2-1/2

[Event "EU-chT Seniors 05th"]
[Site "Dresden"]
[Date "2003.02.28"]
[Round "6.3"]
[White "Harzer, Paul"]
[Black "Schulz, Wolfgang"]
[Result "1/2-1/2"]
[WhiteElo "2027"]
[BlackElo "2119"]
[EventDate "2003.02.23"]
[PlyCount "64"]

1.d4 d6 2.e4 Nf6 3.Nc3 e5 4.dxe5 dxe5 5.Qxd8+ Kxd8 6.Nf3 Bd6 7.Bc4 Ke7 8.
Nd5+ Nxd5 9.Bxd5 c6 10.Bb3 Na6 11.Be3 Bg4 12.Nd2 Bc5 13.Bxc5+ Nxc5 14.f3 
Bc8 15.Nc4 f6 16.Ne3 g6 17.Bc4 b5 18.Be2 a6 19.O-O Ne6 20.Rfd1 Bb7 21.Rd2 
Rhd8 22.Rad1 Rd4 23.c3 Rxd2 24.Rxd2 Rd8 25.Rxd8 Kxd8 26.Bd1 c5 27.Kf2 Ke7 
28.g3 Kd6 29.a3 Ng7 30.Bb3 c4 31.Bc2 Ne6 32.Ke2 Bc6 1/2-1/2

[Event "EU-chT Seniors 05th"]
[Site "Dresden"]
[Date "2003.02.28"]
[Round "6.3"]
[White "Kahn, Peter"]
[Black "Ehlert, Joachim"]
[Result "1/2-1/2"]
[WhiteElo "2143"]
[BlackElo "1888"]
[EventDate "2003.02.23"]
[PlyCount "42"]

1.e4 c5 2.c3 Nf6 3.e5 Nd5 4.d4 cxd4 5.Nf3 Nc6 6.cxd4 d6 7.Bc4 Nb6 8.Bb5 a6
9.Bxc6+ bxc6 10.O-O g6 11.Nc3 Bg7 12.Bf4 O-O 13.Qe2 Be6 14.b3 Nd5 15.Bd2 
Bg4 16.Rfe1 dxe5 17.dxe5 Nb4 18.Bg5 Qc7 19.Qe4 Bxf3 20.Qxb4 c5 21.Qc4 Bb7 
1/2-1/2

[Event "EU-chT Seniors 05th"]
[Site "Dresden"]
[Date "2003.02.28"]
[Round "6.3"]
[White "Landgraf, Siegfried"]
[Black "Reuben, Stewart"]
[Result "0-1"]
[WhiteElo "2106"]
[BlackElo "2161"]
[EventDate "2003.02.23"]
[PlyCount "70"]

1.Nf3 c5 2.g3 g6 3.Bg2 Bg7 4.d4 cxd4 5.Nxd4 Nc6 6.Nxc6 bxc6 7.O-O Rb8 8.
Nd2 Nf6 9.c4 O-O 10.Qc2 d5 11.Rd1 Bg4 12.Nf3 Ne4 13.h3 Bf5 14.Nh4 Qb6 15.
c5 Qxc5 16.Qxc5 Nxc5 17.Nxf5 gxf5 18.Be3 Na4 19.Bxa7 Rxb2 20.e3 Nc3 21.Rd3
Nxa2 22.Bd4 Bxd4 23.Rxd4 Rfb8 24.Bf1 e6 25.g4 fxg4 26.Rxg4+ Kf8 27.e4 Rd2 
28.exd5 exd5 29.Rg3 Rbb2 30.Rf3 c5 31.Re1 c4 32.Re5 c3 33.Ref5 Rb7 34.Bd3 
Rxd3 35.Rxd3 c2 0-1

[Event "EU-chT Seniors 05th"]
[Site "Dresden"]
[Date "2003.02.28"]
[Round "6.3"]
[White "Neese, Hans Joachim"]
[Black "Meier, Wolfgang"]
[Result "1/2-1/2"]
[WhiteElo "2252"]
[BlackElo "2102"]
[EventDate "2003.02.23"]
[PlyCount "172"]

1.d4 Nf6 2.c4 g6 3.g3 Bg7 4.Bg2 d5 5.Nc3 c6 6.Nf3 O-O 7.O-O Nbd7 8.cxd5 
Nxd5 9.e4 Nxc3 10.bxc3 c5 11.Re1 Qc7 12.Be3 b6 13.Qb3 Bb7 14.Ng5 Rac8 15.
Rad1 h6 16.Nh3 e5 17.d5 c4 18.Qc2 Nc5 19.f3 Qd7 20.Nf2 Rc7 21.Bh3 Qd6 22.
f4 h5 23.f5 Bc8 24.Qe2 b5 25.Qf3 a5 26.Rc1 Re8 27.Rf1 Na4 28.Nd1 f6 29.Kg2
Qd7 30.Nf2 Qf7 31.fxg6 Bxh3+ 32.Kxh3 Qxg6 33.Nd1 Nc5 34.d6 Rc6 35.Bxc5 
Rxc5 36.Ne3 Rd8 37.Nf5 Kf7 38.Qe3 Qg4+ 39.Kg2 Rcc8 40.h3 Qg5 41.Qxg5 fxg5 
42.Nd4+ Kg6 43.Nxb5 Bf8 44.Rcd1 Rc6 45.Rd5 Bg7 46.a4 Rd7 47.g4 hxg4 48.
hxg4 Bf6 49.Rf5 Kg7 50.Kf3 Kg6 51.Ke2 Rc8 52.Rd1 Rh8 53.Rdf1 Rh2+ 54.R1f2 
Rxf2+ 55.Rxf2 Rh7 56.Kd2 Rh3 57.Kc2 Rd3 58.Rd2 Re3 59.d7 Bd8 60.Nd6 Kf6 
61.Nb7 Ke7 62.Nd6 Ke6 63.Rd5 Re2+ 64.Kd1 Rxe4 65.Nxe4 Kxd5 66.Nd2 e4 67.
Ke2 Bb6 68.Nf1 Kd6 69.Ne3 Kxd7 70.Nxc4 Bd8 71.Nd2 Ke6 72.Nxe4 Ke5 73.Nc5 
Kd5 74.Nd3 Bf6 75.Kd2 Kc4 76.Nb2+ Kb3 77.Nd1 Kxa4 78.Kc2 Kb5 79.Ne3 a4 80.
Kb2 Be7 81.Nf5 Bc5 82.Ng3 Kc4 83.Ne4 Be7 84.Nd2+ Kd3 85.Nf3 Bf6 86.Ka3 Ke3
1/2-1/2

[Event "EU-chT Seniors 05th"]
[Site "Dresden"]
[Date "2003.02.28"]
[Round "6.3"]
[White "Neumann, Horst"]
[Black "Beckel, Friedrich"]
[Result "1-0"]
[WhiteElo "2018"]
[BlackElo "2127"]
[EventDate "2003.02.23"]
[PlyCount "92"]

1.d4 Nf6 2.Nf3 g6 3.Bg5 Bg7 4.Nbd2 d5 5.e3 O-O 6.Bd3 c5 7.c3 Nfd7 8.O-O 
Nc6 9.Bb5 Qb6 10.Bxc6 bxc6 11.Bxe7 Re8 12.Bd6 cxd4 13.cxd4 Ba6 14.Re1 Qxb2
15.Rb1 Qc3 16.Rb3 Qa5 17.Qc2 Bb5 18.Ra3 Qd8 19.Rc3 Nb6 20.Bg3 f6 21.Rc1 
Bf8 22.Qb1 Qd7 23.Ne1 a5 24.Nd3 Na4 25.Rb3 Ra7 26.Nb2 Nxb2 27.Qxb2 a4 28.
Rbc3 Rea8 29.a3 Rb7 30.Qa2 Kg7 31.h3 Be7 32.R1c2 Ra6 33.Qa1 Rab6 34.Qd1 
Qc8 35.Qf3 Qf8 36.e4 Bc4 37.Nxc4 dxc4 38.Rxc4 Rb3 39.Qg4 Rxa3 40.Rxc6 Ra1+
41.Kh2 a3 42.Qe6 Qf7 43.Qc8 Rb2 44.e5 a2 45.e6 Rh1+ 46.Kxh1 a1=Q+ 1-0

[Event "EU-chT Seniors 05th"]
[Site "Dresden"]
[Date "2003.02.28"]
[Round "6.3"]
[White "Rahls, Peter"]
[Black "Haakert, Juergen"]
[Result "1/2-1/2"]
[WhiteElo "2295"]
[BlackElo "2414"]
[EventDate "2003.02.23"]
[PlyCount "27"]

1.e4 e5 2.Nf3 d6 3.Nc3 Nf6 4.d4 Nbd7 5.Bc4 Be7 6.O-O O-O 7.Re1 c6 8.a4 Qc7
9.a5 Rb8 10.Bg5 b5 11.axb6 axb6 12.d5 b5 13.Bf1 cxd5 14.Nxb5 1/2-1/2

[Event "EU-chT Seniors 05th"]
[Site "Dresden"]
[Date "2003.02.28"]
[Round "6.3"]
[White "Rost van Tonningen, Otto"]
[Black "Petzold, Hans"]
[Result "1/2-1/2"]
[WhiteElo "2212"]
[BlackElo "1911"]
[EventDate "2003.02.23"]
[PlyCount "31"]

1.d4 e6 2.Nf3 f5 3.g3 Nf6 4.Bg2 Be7 5.O-O O-O 6.c4 d6 7.b3 Qe8 8.Qc2 Nc6 
9.Bb2 a5 10.a3 Bd8 11.Nbd2 e5 12.d5 Ne7 13.e4 Qh5 14.Rfe1 Ng6 15.Qc3 f4 
16.Nf1 1/2-1/2

[Event "EU-chT Seniors 05th"]
[Site "Dresden"]
[Date "2003.02.28"]
[Round "6.3"]
[White "Schroeder, Christian"]
[Black "Morgner, Siegfried"]
[Result "1-0"]
[WhiteElo "2152"]
[BlackElo "1728"]
[EventDate "2003.02.23"]
[PlyCount "39"]

1.d4 g6 2.c4 d6 3.Nc3 Bg7 4.e4 Nf6 5.Be2 Nbd7 6.f4 c5 7.d5 O-O 8.Nf3 a6 9.
O-O Qc7 10.Kh1 Re8 11.Be3 Ng4 12.Bg1 h5 13.h3 Nh6 14.Qd2 f6 15.Nh4 Kh7 16.
f5 gxf5 17.Bxh5 Rf8 18.Bg6+ Kg8 19.Be3 Nf7 20.Nxf5 1-0

[Event "EU-chT Seniors 05th"]
[Site "Dresden"]
[Date "2003.02.28"]
[Round "6.3"]
[White "Vager, Boris"]
[Black "Eis, Helko"]
[Result "1-0"]
[WhiteElo "2262"]
[BlackElo "2092"]
[EventDate "2003.02.23"]
[PlyCount "49"]

1.d4 d6 2.Nf3 Bg4 3.e4 Nf6 4.Nbd2 e6 5.Be2 Be7 6.O-O d5 7.exd5 Qxd5 8.h3 
Bh5 9.c3 O-O 10.Qb3 Qxb3 11.axb3 Nbd7 12.b4 c6 13.Nc4 Bg6 14.Na5 Rab8 15.
Bf4 Nd5 16.Bxb8 Rxb8 17.Rfe1 Nf4 18.Bf1 Bc2 19.Ne5 Nxe5 20.dxe5 c5 21.b5 
Bd8 22.Nc4 Bc7 23.Rxa7 Nd3 24.Rea1 Nxe5 25.b6 1-0